|
|
|
|
| LEADER |
01436nam a2200277 a 4500 |
| 001 |
15105973 |
| 008 |
110925r20112008enka b 001 0 eng |
| 010 |
|
|
|a 2007050160
|
| 020 |
|
|
|a 9780199209095
|
| 020 |
|
|
|a 019920909X
|
| 040 |
|
|
|a DLC
|c DLC
|d UKM
|d YDXCP
|d BTCTA
|d BAKER
|d BWKUK
|d DLC
|d BD-DhAAL
|
| 050 |
0 |
0 |
|a HD60
|b .B59 2008
|
| 082 |
0 |
0 |
|a 658.4/08
|2 22
|
| 100 |
1 |
|
|a Blowfield, Mick.
|
| 245 |
1 |
0 |
|a Corporate responsibility :
|b a critical introduction /
|c Michael Blowfield & Alan Murray.
|
| 260 |
|
|
|a Oxford ;
|a New York :
|b Oxford University Press,
|c c2008 [reprinted 2011].
|
| 300 |
|
|
|a xx, 452 p. :
|b ill. ;
|c 25 cm.
|
| 504 |
|
|
|a Includes bibliographical references (p. [405]-429) and indexes.
|
| 541 |
|
|
|e 00023505
|
| 650 |
|
0 |
|a Social responsibility of business.
|
| 700 |
1 |
|
|a Murray, Alan.
|
| 852 |
1 |
|
|a Ayesha Abed Library
|c General shelf.
|
| 999 |
|
|
|c 11256
|d 11256
|
| 952 |
|
|
|0 0
|1 0
|2 ddc
|4 0
|6 658_408000000000000_BLO
|7 0
|9 18196
|a BRACUL
|b BRACUL
|c GEN
|d 2011-09-25
|e Mullick & Brothers
|g 645.00
|l 1
|m 4
|o 658.408 BLO
|p 3010023505
|r 2012-05-01
|s 2011-09-25
|t 1
|w 2011-09-25
|y BK
|
| 952 |
|
|
|0 0
|1 0
|2 ddc
|4 0
|6 658_408000000000000_BLO
|7 0
|9 18364
|a BRACUL
|b BRACUL
|c GEN
|d 2011-10-05
|e Book Web
|g 645.00
|l 2
|m 4
|o 658.408 BLO
|p 3010023691
|r 2012-11-21
|s 2012-10-31
|t 2
|w 2011-10-10
|y BK
|
| 952 |
|
|
|0 0
|1 0
|2 ddc
|4 0
|6 658_408000000000000_BLO
|7 0
|9 18365
|a BRACUL
|b BRACUL
|c GEN
|d 2011-10-05
|e Book Web
|g 645.00
|l 2
|m 20
|o 658.408 BLO
|p 3010023692
|r 2017-02-07
|s 2014-08-07
|t 3
|w 2011-10-10
|y BK
|